Ρήσεις, γνωμικά, φράσεις απο τις γραφές

Αποθηκεύτηκε σε:
Λεπτομέρειες βιβλιογραφικής εγγραφής
Κύριος συγγραφέας: Παπαζαφείρη, Ιωάννα Ν.
Μορφή: Βιβλίο
Γλώσσα:Greek
Δημοσίευση: Αθήνα : Σμίλη, 1995
Θέματα:
Ετικέτες: Προσθήκη ετικέτας
Δεν υπάρχουν, Καταχωρήστε ετικέτα πρώτοι!

MARC

LEADER 00000nam a2200000 i 4500
001 1/33771
008 960805s1995 gre d
020 |a 960-7218-80-9 
035 |1 ΕΛΗ  |a 1996  |b 0108  |c ΒΙΒΛΙΟΘΗΚΗ  |l 10039459 
040 |a GR-MY-UA  |b gre  |e aacr 
041 0 |a gre 
082 0 |a 808.88 
100 1 |a Παπαζαφείρη, Ιωάννα Ν. 
245 1 0 |a Ρήσεις, γνωμικά, φράσεις απο τις γραφές /  |c Παπαζαφείρη Ν.Ιωάννα 
260 |a Αθήνα :   |b Σμίλη,   |c 1995 
300 |a 163 σ.;  |c 21 cm. 
650 0 0 |a Maxims. 
650 0 0 |a Bible  |x Quotations. 
852 |a INST  |b SAMOS  |e 19960805  |h 808.88 ΠΑΠ  |p 005300009430  |q 005300009430  |t BK  |y 0 
909 |a Σ  |b 041768